[Event "NAYCC U08"]
[Site "Windsor CAN"]
[Date "2016.08.08"]
[Round "2.162"]
[White "Huang, Brian"]
[Black "Xu, Daniel"]
[Result "0-1"]
[WhiteElo "1783"]
[BlackElo "1586"]
[PlyCount "142"]
[EventDate "2016.08.07"]
[EventType "swiss"]
[EventRounds "9"]
[EventCountry "CAN"]

1. e4 e5 2. Nf3 Nc6 3. d4 exd4 4. Nxd4 Bc5 5. Be3 Bb6 6. Nc3 Nf6 7. Bc4 d6 8.
f3 Ne5 9. Bb3 O-O 10. O-O a6 11. Nf5 Bxe3+ 12. Nxe3 Bd7 13. Kh1 Bc6 14. Qe2 b5
15. Rad1 b4 16. Ncd5 Nxd5 17. Bxd5 Bb5 18. Bc4 Nxc4 19. Nxc4 Qf6 20. b3 a5 21.
Rfe1 Rfe8 22. Qd3 a4 23. Qd5 Bxc4 24. Qxc4 c5 25. Qd5 axb3 26. axb3 Red8 27.
Re2 h6 28. Red2 Ra1 29. Rxa1 Qxa1+ 30. Rd1 Qc3 31. e5 Qxc2 32. exd6 Rd7 33. h3
Kh7 34. Rd2 Qb1+ 35. Kh2 Qc1 36. Re2 Qf4+ 37. g3 Qxd6 38. Qf5+ g6 39. Qg4 Qd3
40. Rg2 f5 41. Qf4 Qxb3 42. Qe5 Qc3 43. Qe6 Rg7 44. Qb6 c4 45. Qc5 b3 46. Qb5
Qd4 47. Qb4 Rc7 48. h4 h5 49. Kh3 Qd1 50. Qb6 Qh1+ 51. Rh2 Qf1+ 52. Rg2 Rg7 53.
Qb4 Qh1+ 54. Rh2 Qxf3 55. Qxc4 Qg4+ 56. Qxg4 fxg4+ 57. Kg2 b2 58. Rh1 Rc7 59.
Kf2 Rc1 60. Rxc1 bxc1=Q 61. Ke2 Qg1 62. Kd3 Qxg3+ 63. Ke4 Qf3+ 64. Ke5 g3 65.
Ke6 g2 66. Ke7 g1=Q 67. Ke6 Qe1+ 68. Kd6 Qd3+ 69. Kc7 Qc1+ 70. Kb6 Qb3+ 71. Ka5
Qa1# 0-1

[Event "NAYCC U08"]
[Site "Windsor CAN"]
[Date "2016.08.08"]
[Round "2.163"]
[White "Prestia, Sebastian"]
[Black "Sloan, Jed"]
[Result "1-0"]
[WhiteElo "1385"]
[BlackElo "1553"]
[PlyCount "99"]
[EventDate "2016.08.07"]
[EventType "swiss"]
[EventRounds "9"]
[EventCountry "CAN"]

1. d4 Nf6 2. c4 e6 3. Nf3 c5 4. e3 d5 5. cxd5 exd5 6. Nc3 Nc6 7. Bb5 Bd7 8.
dxc5 a6 9. Ba4 Bxc5 10. Nxd5 Nxd5 11. Qxd5 Qa5+ 12. Bd2 Qxa4 13. Qxc5 Rc8 14.
b3 Qe4 15. Qc4 Qg6 16. Nh4 Qf6 17. O-O O-O 18. Bb4 Nxb4 19. Qxb4 Bc6 20. Qf4
Qxf4 21. exf4 Rfe8 22. Rfe1 Rxe1+ 23. Rxe1 Re8 24. Rxe8+ Bxe8 25. Kf1 h6 26.
Nf5 Bd7 27. Nd6 Bc6 28. g3 Bd5 29. Ke2 b5 30. Kd3 Kf8 31. Kd4 Be6 32. Kc5 Ke7
33. Nb7 Bc8 34. Kc6 b4 35. Nd6 Bd7+ 36. Kc5 a5 37. Nb7 a4 38. Kxb4 axb3 39.
axb3 Bf5 40. Ka5 Kd7 41. Nc5+ Kc6 42. b4 f6 43. f3 h5 44. Ne4 Bc8 45. b5+ Kc7
46. Nc5 Kb8 47. b6 Bf5 48. Ka6 Bc8+ 49. b7 Bf5 50. Kb6 1-0

[Event "NAYCC U08"]
[Site "Windsor CAN"]
[Date "2016.08.08"]
[Round "2.164"]
[White "Zhang, Andrew"]
[Black "Nath, Nitish"]
[Result "1/2-1/2"]
[WhiteElo "1524"]
[BlackElo "1422"]
[PlyCount "77"]
[EventDate "2016.08.07"]
[EventType "swiss"]
[EventRounds "9"]
[EventCountry "CAN"]

1. e4 e5 2. Nf3 Nc6 3. Bc4 Bc5 4. c3 Nf6 5. d4 exd4 6. cxd4 Bb4+ 7. Nc3 Nxe4 8.
O-O Bxc3 9. bxc3 d5 10. Bd3 O-O 11. Qc2 Bf5 12. Re1 Re8 13. Bf4 a5 14. Nd2 Qd7
15. f3 Nd6 16. Bxd6 Bxd3 17. Qxd3 Qxd6 18. a4 Rab8 19. Nb3 b6 20. Rad1 Qd7 21.
Re3 Re7 22. Rde1 Rbe8 23. R1e2 Qd6 24. Rxe7 Rxe7 25. Rxe7 Qxe7 26. Kf2 g6 27.
g3 Qa3 28. Nd2 Qxa4 29. Qe2 Kg7 30. h4 Qc2 31. Qe3 Qf5 32. g4 Qe6 33. Qf4 Qd6
34. Qg5 h6 35. Qe3 Qh2+ 36. Kf1 Qxh4 37. c4 dxc4 38. d5 Qe7 39. Qc3+ 1/2-1/2

[Event "NAYCC U08"]
[Site "Windsor CAN"]
[Date "2016.08.08"]
[Round "2.166"]
[White "Ning, Eric"]
[Black "Liu, Edison"]
[Result "1-0"]
[WhiteElo "1508"]
[BlackElo "1248"]
[PlyCount "79"]
[EventDate "2016.08.07"]
[EventType "swiss"]
[EventRounds "9"]
[EventCountry "CAN"]

1. d4 Nf6 2. c4 g6 3. Nc3 Bg7 4. Bf4 d6 5. Nf3 O-O 6. e3 b6 7. d5 Bb7 8. Be2
Nbd7 9. O-O Nc5 10. Qc2 a5 11. b3 c6 12. Rfd1 cxd5 13. cxd5 Bxd5 14. Rac1 Bc6
15. Nd4 Be4 16. Nxe4 Nfxe4 17. Bf3 d5 18. Nb5 e5 19. Bg3 Qd7 20. Bxe4 Qxb5 21.
Bxd5 Rad8 22. Bc4 Rxd1+ 23. Rxd1 Qe8 24. Rd6 Qb8 25. Rd2 Rd8 26. Bh4 Rd6 27.
Be7 Rxd2 28. Qxd2 Ne4 29. Qd5 Qe8 30. Ba3 Nf6 31. Qd6 Nd7 32. Bb2 Bf8 33. Qc6
Qd8 34. Bb5 Nb8 35. Qe4 Qd1+ 36. Bf1 f6 37. f4 exf4 38. Qe6+ Kh8 39. Bxf6+ Bg7
40. Qe8# 1-0

[Event "NAYCC U08"]
[Site "Windsor CAN"]
[Date "2016.08.08"]
[Round "2.168"]
[White "Chang, Alexander RZ"]
[Black "Zhong, Kevin"]
[Result "0-1"]
[WhiteElo "1192"]
[BlackElo "1360"]
[PlyCount "102"]
[EventDate "2016.08.07"]
[EventType "swiss"]
[EventRounds "9"]
[EventCountry "CAN"]

1. d4 d5 2. e3 Nf6 3. c4 e6 4. Nf3 c5 5. Nc3 Nc6 6. Be2 dxc4 7. Bxc4 cxd4 8.
Nxd4 Nxd4 9. Qxd4 Qxd4 10. exd4 a6 11. Be2 Bd6 12. Bf3 Rb8 13. a3 b5 14. b4 Bb7
15. Bxb7 Rxb7 16. Bg5 Rc7 17. Bxf6 Rxc3 18. Bg5 h6 19. Bd2 Rc4 20. Rc1 Rxc1+
21. Bxc1 Ke7 22. Bb2 Rc8 23. Kd2 Bf4+ 24. Kd3 Kd6 25. g3 Bg5 26. f4 Bf6 27. Rc1
Rxc1 28. Bxc1 Kd5 29. Be3 Be7 30. Bd2 g5 31. Be3 Bf6 32. Bf2 h5 33. Be3 gxf4
34. gxf4 Be7 35. Bf2 Bd6 36. Be3 f6 37. h3 f5 38. Bd2 Be7 39. Be1 Bd8 40. Bf2
Bf6 41. h4 Be7 42. Be1 Bd8 43. Bg3 Bc7 44. Bh2 Bd6 45. Bg3 Bf8 46. Bf2 Be7 47.
Bg3 Bd8 48. Be1 Be7 49. Bg3 Bf8 50. Be1 Bg7 51. Bc3 Bf6 0-1

[Event "NAYCC U08"]
[Site "Windsor CAN"]
[Date "2016.08.08"]
[Round "2.169"]
[White "Yuen, Noah"]
[Black "Zhang, William"]
[Result "1-0"]
[WhiteElo "1114"]
[BlackElo "608"]
[PlyCount "69"]
[EventDate "2016.08.07"]
[EventType "swiss"]
[EventRounds "9"]
[EventCountry "CAN"]

1. c4 e5 2. Nc3 Nf6 3. d3 Nc6 4. Nf3 Bc5 5. Bg5 O-O 6. e3 h6 7. Bh4 d6 8. Nd5
Bb4+ 9. Nxb4 Nxb4 10. Nd2 Bf5 11. Qb3 a5 12. a3 Na6 13. Qxb7 Nc5 14. Qf3 Nxd3+
15. Bxd3 Bxd3 16. e4 Bc2 17. a4 Rb8 18. Qc3 g5 19. Bxg5 hxg5 20. Qxc2 g4 21.
O-O g3 22. fxg3 Ng4 23. Qc3 Qg5 24. Rf5 Qh6 25. h3 Nf6 26. g4 c6 27. g5 Qh4 28.
gxf6 Rbc8 29. Qf3 c5 30. g3 Qxh3 31. Rg5+ Kh7 32. Rh5+ Qxh5 33. Qxh5+ Kg8 34.
Qh6 Rb8 35. Qg7# 1-0

[Event "NAYCC U08"]
[Site "Windsor CAN"]
[Date "2016.08.08"]
[Round "2.170"]
[White "Zhang, Caden"]
[Black "Venkataraja, Lingaadyakssh"]
[Result "1-0"]
[WhiteElo "750"]
[BlackElo "909"]
[PlyCount "65"]
[EventDate "2016.08.07"]
[EventType "swiss"]
[EventRounds "9"]
[EventCountry "CAN"]

1. e4 d5 2. exd5 Qxd5 3. Nc3 Qa5 4. Nf3 Nf6 5. Be2 c6 6. O-O Qc7 7. d4 Bf5 8.
Be3 e6 9. Ne5 Nbd7 10. Nf3 O-O-O 11. b4 Bxb4 12. Rb1 Bxc3 13. Rb3 Ba5 14. Qb1
Ne4 15. Rd1 Nc3 16. Qb2 Nxd1 17. Bxd1 Nc5 18. Ra3 Bb6 19. Bd2 Ne4 20. Be3 Nd6
21. Nd2 Ne4 22. Nf3 Bc5 23. h3 Bxa3 24. Qxa3 a6 25. Ne5 g6 26. Bf3 Nf6 27. Bf4
Qe7 28. Qxe7 Nd5 29. Bxd5 Rxd5 30. Qb4 Bxc2 31. Nxf7 Rf8 32. Qxf8+ Rd8 33.
Qxd8# 1-0

[Event "NAYCC U08"]
[Site "Windsor CAN"]
[Date "2016.08.08"]
[Round "2.172"]
[White "Mak, Logan Jason"]
[Black "Yuan, Daniel"]
[Result "0-1"]
[WhiteElo "555"]
[BlackElo "827"]
[PlyCount "50"]
[EventDate "2016.08.07"]
[EventType "swiss"]
[EventRounds "9"]
[EventCountry "CAN"]

1. e4 e5 2. d4 exd4 3. c3 dxc3 4. Bc4 cxb2 5. Bxb2 Nf6 6. Nf3 Bc5 7. O-O O-O 8.
Nbd2 Nc6 9. e5 Ng4 10. Qc2 d5 11. exd6 cxd6 12. Qc3 Nge5 13. Nxe5 dxe5 14. Kh1
Bd4 15. Qc2 Bxb2 16. Qxb2 Nd4 17. Rad1 b6 18. Nf3 Bg4 19. Nxd4 Bxd1 20. Rxd1
exd4 21. Rxd4 Qf6 22. f3 Rad8 23. Rd2 Qxb2 24. Rxb2 Rd1+ 25. Bf1 Rxf1# 0-1

[Event "NAYCC U08"]
[Site "Windsor CAN"]
[Date "2016.08.08"]
[Round "3.161"]
[White "Mishra, Abhimanyu"]
[Black "Ning, Eric"]
[Result "1/2-1/2"]
[WhiteElo "1924"]
[BlackElo "1508"]
[PlyCount "64"]
[EventDate "2016.08.07"]
[EventType "swiss"]
[EventRounds "9"]
[EventCountry "CAN"]

1. e4 c5 2. Nf3 Nc6 3. d4 cxd4 4. Nxd4 Nf6 5. Nc3 e5 6. Ndb5 d6 7. Bg5 a6 8.
Na3 b5 9. Nd5 Be7 10. Bxf6 Bxf6 11. c3 O-O 12. Nc2 Bg5 13. Be2 f5 14. Bf3 fxe4
15. Bxe4 Bb7 16. O-O Kh8 17. Qd3 h6 18. Rfd1 Rb8 19. Ndb4 Nxb4 20. Nxb4 Qb6 21.
Rf1 Bxe4 22. Qxe4 Rf4 23. Qe2 Rf7 24. Rad1 Rbf8 25. Nd5 Qc5 26. Rd3 e4 27. Rd4
Rf5 28. Ne3 Bxe3 29. Qxe3 d5 30. Qe2 Qc6 31. Qd2 Rg5 32. Rd1 Rff5 1/2-1/2

[Event "NAYCC U08"]
[Site "Windsor CAN"]
[Date "2016.08.08"]
[Round "3.163"]
[White "Xu, Daniel"]
[Black "Zhang, Andrew"]
[Result "1-0"]
[WhiteElo "1486"]
[BlackElo "1524"]
[PlyCount "85"]
[EventDate "2016.08.07"]
[EventType "swiss"]
[EventRounds "9"]
[EventCountry "CAN"]

1. e4 e5 2. Nf3 Nc6 3. d4 exd4 4. Nxd4 Nf6 5. Nxc6 bxc6 6. Nc3 Bb4 7. Bd3 O-O
8. O-O h6 9. e5 Bxc3 10. bxc3 Nd5 11. c4 Ne7 12. Qh5 d5 13. c5 Be6 14. f4 f5
15. exf6 Rxf6 16. f5 Bd7 17. Bb2 Qf8 18. Bxf6 Qxf6 19. Rab1 a5 20. Rb7 Re8 21.
Ra7 Qd4+ 22. Kh1 Rf8 23. Rxc7 Be8 24. Qe2 Nxf5 25. Bxf5 Rxf5 26. Rxf5 Bh5 27.
Qf2 Qd1+ 28. Qf1 Qxc2 29. Rf8+ Kh7 30. Qf5+ Qxf5 31. Rxf5 Bg6 32. Rf4 Kh8 33.
Rxc6 Kh7 34. Rxg6 Kxg6 35. c6 Kh7 36. c7 Kh8 37. c8=Q+ Kh7 38. Qf5+ Kh8 39.
Qf8+ Kh7 40. Rf7 Kg6 41. Qxg7+ Kh5 42. Qg3 d4 43. Rf5# 1-0

[Event "NAYCC U08"]
[Site "Windsor CAN"]
[Date "2016.08.08"]
[Round "3.165"]
[White "Yuan, Daniel"]
[Black "Huang, Brian"]
[Result "0-1"]
[WhiteElo "827"]
[BlackElo "1783"]
[PlyCount "120"]
[EventDate "2016.08.07"]
[EventType "swiss"]
[EventRounds "9"]
[EventCountry "CAN"]

1. e4 c5 2. Nf3 d6 3. d4 cxd4 4. Qxd4 Nc6 5. Bb5 Bd7 6. Bxc6 Bxc6 7. Nc3 Nf6 8.
Bg5 Nd7 9. O-O Qb6 10. Qxb6 Nxb6 11. Rad1 f6 12. Be3 Nc4 13. b3 Nxe3 14. fxe3
g6 15. Nd4 Bd7 16. Nd5 Rc8 17. c4 a6 18. Nb6 Rc7 19. Nd5 Rc8 20. Nb6 Rd8 21. h3
Bh6 22. Rf3 O-O 23. Nxd7 Rxd7 24. Ne6 Rc8 25. c5 Rc6 26. b4 d5 27. exd5 Rxe6
28. dxe6 Rxd1+ 29. Kf2 Rd2+ 30. Kg3 Rxa2 31. Kh2 Ra4 32. Rf2 Bxe3 33. Rf3 Bd4
34. Rd3 Rxb4 35. Kg3 Bxc5 36. Rd8+ Kg7 37. Rd7 Bd6+ 38. Kf3 a5 39. Rd8 a4 40.
Ra8 b5 41. Ke3 Rb2 42. Kf3 a3 43. Ke4 Rxg2 44. Kd3 a2 45. Kc3 Be5+ 46. Kb3 a1=Q
47. Rxa1 Bxa1 48. Kb4 Rh2 49. Kxb5 Rxh3 50. Kb4 Re3 51. Kc4 Rxe6 52. Kb3 Rc6
53. Ka2 Rb6 54. Kxa1 h5 55. Ka2 h4 56. Ka1 h3 57. Ka2 h2 58. Ka3 h1=R 59. Ka2
Rh5 60. Ka3 Ra5# 0-1

[Event "NAYCC U08"]
[Site "Windsor CAN"]
[Date "2016.08.08"]
[Round "3.168"]
[White "Zhong, Kevin"]
[Black "Ripley, Sam"]
[Result "1-0"]
[WhiteElo "1360"]
[BlackElo "829"]
[PlyCount "89"]
[EventDate "2016.08.07"]
[EventType "swiss"]
[EventRounds "9"]
[EventCountry "CAN"]

1. e4 c5 2. Ne2 Nf6 3. Nbc3 d6 4. d4 cxd4 5. Nxd4 g6 6. Be2 Bg7 7. O-O O-O 8.
Be3 Nc6 9. h3 Bd7 10. f4 Rc8 11. Nb3 Re8 12. Qd2 Be6 13. Rad1 Qd7 14. Kh2 a6
15. Bf3 Red8 16. Na4 Qc7 17. Bb6 Qd7 18. Bxd8 Qxd8 19. Nc3 Qd7 20. Qf2 Rd8 21.
Rfe1 Bh6 22. Qh4 Bg7 23. e5 Ne8 24. exd6 exd6 25. Nc5 Qc8 26. Nxe6 fxe6 27. Bg4
Nc7 28. Ne4 Qd7 29. Rxd6 Qe8 30. Rxd8 Nxd8 31. Nf6+ Bxf6 32. Qxf6 h5 33. Bf3
Kh7 34. Rd1 Nc6 35. Bxc6 Qxc6 36. Rd8 Ne8 37. Qf7+ Kh6 38. Rxe8 Qxe8 39. Qxe8
Kg7 40. Qe7+ Kg8 41. Kg3 b5 42. Kh4 a5 43. Kg5 b4 44. Kxg6 a4 45. Qg7# 1-0

[Event "NAYCC U08"]
[Site "Windsor CAN"]
[Date "2016.08.08"]
[Round "3.171"]
[White "Chang, Alexander RZ"]
[Black "Zhang, Caden"]
[Result "1-0"]
[WhiteElo "1182"]
[BlackElo "750"]
[Annotator ",Microsoft"]
[PlyCount "62"]
[EventDate "2016.08.07"]
[EventType "swiss"]
[EventRounds "9"]
[EventCountry "CAN"]

1. e4 e5 2. Nf3 Nc6 3. Bc4 Nf6 4. d3 Bc5 5. O-O h6 6. a3 a6 7. b4 Ba7 8. Bb2 d6
9. Nbd2 O-O 10. Ba2 Bg4 11. Qc1 Bxf3 12. Nxf3 Nh5 13. Qd1 Nf4 14. Bc1 Re8 15.
Bxf4 exf4 16. c3 Qf6 17. Rc1 b5 18. Bd5 Ne5 19. Bxa8 Rxa8 20. h3 Re8 21. Nxe5
dxe5 22. Qf3 Kf8 23. Rfe1 Qd8 24. a4 Qg5 25. axb5 axb5 26. Qg4 Qxg4 27. hxg4 g6
28. Kf1 c5 29. Rb1 Rb8 30. Ra1 cxb4 31. cxb4 Bd4 {etc. White won in 50 moves.}
1-0

[Event "NAYCC U08"]
[Site "Windsor CAN"]
[Date "2016.08.08"]
[Round "3.172"]
[White "Venkataraja, Lingaadyakssh"]
[Black "Mak, Logan Jason"]
[Result "1-0"]
[WhiteElo "909"]
[BlackElo "555"]
[PlyCount "53"]
[EventDate "2016.08.07"]
[EventType "swiss"]
[EventRounds "9"]
[EventCountry "CAN"]

1. e4 c5 2. Nf3 Nc6 3. Bc4 Nf6 4. e5 Ng4 5. O-O Ngxe5 6. Nxe5 Nxe5 7. Bb3 d6 8.
Nc3 Ng6 9. d3 e5 10. Qf3 Be6 11. Bxe6 fxe6 12. Ne4 Be7 13. Re1 d5 14. Nd2 Bf6
15. c4 O-O 16. cxd5 exd5 17. Qe3 d4 18. Qe4 Rb8 19. Nb3 Qd7 20. Nxc5 Qd6 21.
Nxb7 Qb6 22. Qd5+ Kh8 23. Nd6 Rbd8 24. Nf7+ Kg8 25. Nh6+ Kh8 26. Qg8+ Rxg8 27.
Nf7# 1-0

[Event "NAYCC U08"]
[Site "Windsor CAN"]
[Date "2016.08.08"]
[Round "3.173"]
[White "Zhang, William"]
[Black "Locham, Divjot"]
[Result "0-1"]
[WhiteElo "608"]
[BlackElo "799"]
[PlyCount "70"]
[EventDate "2016.08.07"]
[EventType "swiss"]
[EventRounds "9"]
[EventCountry "CAN"]

1. e4 e5 2. Nf3 Nc6 3. Nc3 Nf6 4. Bc4 Nxe4 5. Nxe4 d5 6. Nxe5 Nxe5 7. d3 dxe4
8. dxe4 Qxd1+ 9. Kxd1 Nxc4 10. b3 Ne5 11. Bf4 Ng4 12. Ke1 Bb4+ 13. Ke2 Bd6 14.
Bxd6 cxd6 15. h3 Nf6 16. f3 O-O 17. Rad1 Rd8 18. Rd2 b6 19. Rhd1 Ba6+ 20. Ke1
Ne8 21. e5 Rd7 22. Rxd6 Nxd6 23. exd6 Rad8 24. Kf2 h6 25. g4 Rxd6 26. Rxd6 Rxd6
27. Kg3 Kh7 28. a3 g5 29. h4 b5 30. c3 Rd3 31. c4 bxc4 32. b4 c3 33. b5 c2 34.
bxa6 c1=Q 35. a4 Qg1+ 0-1

[Event "NAYCC U08"]
[Site "Windsor CAN"]
[Date "2016.08.09"]
[Round "4.164"]
[White "Huang, Brian"]
[Black "Mishra, Abhimanyu"]
[Result "0-1"]
[WhiteElo "1783"]
[BlackElo "1924"]
[PlyCount "138"]
[EventDate "2016.08.07"]
[EventType "swiss"]
[EventRounds "9"]
[EventCountry "CAN"]

1. e4 c5 2. Nf3 e6 3. d4 cxd4 4. Nxd4 a6 5. a3 Qc7 6. Be3 Nf6 7. f3 d5 8. exd5
Nxd5 9. Bf2 Bd6 10. Bd3 Nd7 11. h3 Nf4 12. O-O Nf6 13. c3 Nxd3 14. Qxd3 O-O 15.
Qc2 Bd7 16. Nd2 Nh5 17. Ne4 Be7 18. Rfe1 e5 19. Nb3 b6 20. Rad1 Rad8 21. Ned2
Be6 22. Ne4 f5 23. Ned2 Nf4 24. Re3 Ng6 25. Nd4 Rxd4 26. Rxe5 Rxd2 27. Rxd2
Qxe5 28. Re2 Qd6 29. Rd2 Qc6 30. Re2 Nf4 31. Re1 Bc5 32. Bxc5 Qxc5+ 33. Kh2 Bc8
34. Qd2 Ng6 35. b4 Qc7+ 36. Kh1 Rd8 37. Qf2 Qxc3 38. Rg1 Qf6 39. a4 h6 40. b5
axb5 41. axb5 Bd7 42. Rb1 f4 43. Kh2 Kh7 44. Kh1 Qh4 45. Qf1 Bf5 46. Rb2 Qg3
47. Rf2 Rd1 48. Qxd1 Qxf2 49. Qg1 Qxg1+ 50. Kxg1 Bd3 51. Kf2 Bxb5 52. Ke1 Bc4
53. Kf2 b5 54. Ke1 b4 55. Kd2 Bf1 56. Kc2 Bxg2 57. Kb3 Bxf3 58. h4 Bd1+ 59.
Kxb4 f3 60. h5 Nf4 61. Kc3 f2 62. Kd4 f1=Q 63. Ke4 Qc4+ 64. Ke3 Bc2 65. Kf3
Qe4+ 66. Kf2 Qe2+ 67. Kg3 Qe3+ 68. Kg4 Be4 69. Kh4 Qh3# 0-1

[Event "NAYCC U08"]
[Site "Windsor CAN"]
[Date "2016.08.09"]
[Round "4.165"]
[White "Ning, Eric"]
[Black "Sloan, Jed"]
[Result "0-1"]
[WhiteElo "1508"]
[BlackElo "1553"]
[PlyCount "92"]
[EventDate "2016.08.07"]
[EventType "swiss"]
[EventRounds "9"]
[EventCountry "CAN"]

1. d4 Nf6 2. c4 e6 3. Nf3 c5 4. d5 exd5 5. cxd5 d6 6. Nc3 g6 7. e4 Bg7 8. Bd3
Nbd7 9. Bf4 Nb6 10. Nb5 Bf8 11. h3 a6 12. Nc3 Bg7 13. O-O O-O 14. a4 Qe7 15. a5
Nbd7 16. Nd2 Nh5 17. Bh2 Ne5 18. Be2 Nf6 19. Qc2 Re8 20. Bd3 Nxd3 21. Qxd3 Bd7
22. Rfe1 Rac8 23. Nc4 Nxe4 24. Nxe4 f5 25. Ned2 Qxe1+ 26. Rxe1 Rxe1+ 27. Nf1
Rce8 28. Nxd6 R8e2 29. g3 Bd4 30. Qf3 Rxf2 31. Qxf2 Re2 32. Qxd4 cxd4 33. Nxb7
Bb5 34. d6 Re1 35. d7 Bxd7 36. Kf2 Rb1 37. Nc5 Rxb2+ 38. Ke1 Bb5 39. Nd2 d3 40.
Bg1 Rc2 41. Be3 Kf7 42. Bf4 Rxc5 43. Kf2 Ke6 44. Ke3 Rc2 45. h4 Kd5 46. Nf3
Re2# 0-1

[Event "NAYCC U08"]
[Site "Windsor CAN"]
[Date "2016.08.09"]
[Round "4.168"]
[White "Krishnakumar, Sriram"]
[Black "Zhong, Kevin"]
[Result "0-1"]
[WhiteElo "1302"]
[BlackElo "1360"]
[PlyCount "126"]
[EventDate "2016.08.07"]
[EventType "swiss"]
[EventRounds "9"]
[EventCountry "CAN"]

1. e4 c5 2. Nf3 Nc6 3. d4 cxd4 4. Nxd4 g6 5. Nc3 Bg7 6. Be3 Nf6 7. Bc4 Qa5 8.
f3 Qb4 9. Bb3 Nxe4 10. fxe4 Bxd4 11. Bxd4 Qxd4 12. Qxd4 Nxd4 13. O-O O-O 14.
Nd5 Nc6 15. Rf2 e6 16. Ne3 Ne5 17. Raf1 b6 18. Nc4 Nxc4 19. Bxc4 Bb7 20. e5
Rac8 21. Bb3 Rc5 22. Re1 Bc6 23. c3 Rd8 24. Ref1 Rf8 25. Re1 Bd5 26. Bd1 Kg7
27. Ref1 Be4 28. Re1 Rxe5 29. Rf4 f5 30. Bc2 d5 31. Bxe4 dxe4 32. Rff1 Rd5 33.
Rf2 Rfd8 34. Ree2 Rd1+ 35. Rf1 R1d2 36. Rff2 Rxe2 37. Rxe2 Kf6 38. Kf2 Ke5 39.
g3 g5 40. b4 f4 41. gxf4+ gxf4 42. c4 e3+ 43. Kf3 Kf5 44. c5 bxc5 45. bxc5 e5
46. Rc2 e4+ 47. Ke2 Ke5 48. c6 Kd4 49. Rc1 f3+ 50. Ke1 e2 51. c7 Rc8 52. Kf2
Kd3 53. Rb1 Rxc7 54. Rb3+ Rc3 55. Rb1 Kd2 56. Rb2+ Rc2 57. Rxc2+ Kxc2 58. Kg3
e1=Q+ 59. Kf4 f2 60. Kg5 f1=Q 61. Kh6 Qg2 62. Kh5 Qe3 63. h4 Qg6# 0-1

[Event "NAYCC U08"]
[Site "Windsor CAN"]
[Date "2016.08.09"]
[Round "4.170"]
[White "Nakada, Johji"]
[Black "Chang, Alexander RZ"]
[Result "1-0"]
[WhiteElo "1424"]
[BlackElo "1192"]
[PlyCount "79"]
[EventDate "2016.08.07"]
[EventType "swiss"]
[EventRounds "9"]
[EventCountry "CAN"]

1. e4 e5 2. Nf3 Nc6 3. Bb5 a6 4. Bxc6 dxc6 5. O-O Bd6 6. d4 Bg4 7. dxe5 Bxf3 8.
Qxf3 Bxe5 9. Nc3 Nf6 10. Bg5 O-O 11. Rad1 Qe8 12. Rfe1 Qe6 13. Bxf6 Qxf6 14.
Qxf6 Bxf6 15. f4 Bxc3 16. bxc3 Rad8 17. Rd3 Rd6 18. e5 Rd5 19. Red1 Rfd8 20. c4
Rxd3 21. Rxd3 Rxd3 22. cxd3 c5 23. g4 c6 24. a4 Kf8 25. Kf2 Ke7 26. Ke3 f6 27.
Ke4 b5 28. exf6+ gxf6 29. axb5 cxb5 30. cxb5 axb5 31. Kd5 b4 32. Kc4 Kd6 33. h4
Ke6 34. h5 h6 35. Kb3 Kd5 36. g5 fxg5 37. fxg5 Ke6 38. g6 Kf6 39. d4 cxd4 40.
Kxb4 1-0

[Event "NAYCC U08"]
[Site "Windsor CAN"]
[Date "2016.08.09"]
[Round "4.171"]
[White "Zhang, Caden"]
[Black "Liu, Edison"]
[Result "0-1"]
[WhiteElo "750"]
[BlackElo "1248"]
[PlyCount "136"]
[EventDate "2016.08.07"]
[EventType "swiss"]
[EventRounds "9"]
[EventCountry "CAN"]

1. e4 e5 2. Nf3 Nf6 3. Nc3 Nc6 4. Be2 Be7 5. O-O O-O 6. d3 d5 7. Bd2 d4 8. Nd5
Nxd5 9. exd5 Qxd5 10. c4 Qd8 11. Re1 Re8 12. h3 Bf6 13. b4 a6 14. Qc2 Be6 15.
a4 Ne7 16. Bf1 Ng6 17. a5 Qd7 18. Ng5 Bxg5 19. Bxg5 h6 20. Bd2 Rad8 21. Qb2 Qe7
22. b5 axb5 23. Qxb5 c6 24. Qb3 Rb8 25. Qb1 Qf6 26. Qa2 Bc8 27. Re2 Nf4 28.
Bxf4 Qxf4 29. Re4 Qg5 30. Qb1 Bxh3 31. Qe1 f6 32. Re2 Bf5 33. g3 Bxd3 34. Rd2
Bxf1 35. Kxf1 h5 36. Ke2 h4 37. gxh4 Qxh4 38. Kd1 g5 39. Qg1 f5 40. Kc2 g4 41.
Kb2 Qh3 42. Qc1 f4 43. Kc2 g3 44. fxg3 Qxg3 45. Rd3 Qg2+ 46. Rd2 Qe4+ 47. Rd3
f3 48. Qg1+ Kf7 49. Re1 Qf4 50. Qf2 Kg7 51. Rg1+ Kh7 52. Rh1+ Kg7 53. Qg1+ Kf6
54. Qf2 Ke7 55. Rxf3 Qe4+ 56. Kd2 Rf8 57. Rxf8 Rxf8 58. Rh7+ Qxh7 59. Qxf8+
Kxf8 60. a6 bxa6 61. c5 Qh3 62. Kd1 Qg2 63. Kc1 Qe2 64. Kb1 Qd2 65. Ka1 e4 66.
Kb1 e3 67. Ka1 e2 68. Kb1 e1=R# 0-1

[Event "NAYCC U08"]
[Site "Windsor CAN"]
[Date "2016.08.09"]
[Round "4.172"]
[White "Yuen, Noah"]
[Black "Yuan, Daniel"]
[Result "1-0"]
[WhiteElo "1114"]
[BlackElo "827"]
[PlyCount "103"]
[EventDate "2016.08.07"]
[EventType "swiss"]
[EventRounds "9"]
[EventCountry "CAN"]

1. c4 e5 2. d3 Nf6 3. Nf3 Nc6 4. Bg5 Be7 5. Nc3 O-O 6. e3 d6 7. h3 h6 8. Bh4
Bf5 9. e4 Bg6 10. Be2 Qd7 11. Bxf6 Bxf6 12. Nd5 Qe6 13. Nxc7 Qd7 14. Nxa8 Rxa8
15. O-O Re8 16. Rc1 Bh5 17. Nxe5 Bxe2 18. Nxd7 Bxd1 19. Nxf6+ gxf6 20. Rfxd1
Nd4 21. Kf1 Kf8 22. c5 Re6 23. cxd6 Rxd6 24. Rc7 Rb6 25. b3 Ra6 26. Rxb7 Rxa2
27. Rb4 Nc2 28. Rc4 Na1 29. Ra4 Rxa4 30. bxa4 Nc2 31. Rc1 Nb4 32. Ke2 Ke7 33.
Rc7+ Ke6 34. Rxa7 Nc6 35. Ra6 Kd7 36. Rxc6 Kxc6 37. d4 Kb6 38. d5 Kc5 39. a5
Kb5 40. d6 Kxa5 41. d7 Kb6 42. d8=Q+ Kc6 43. Kd3 h5 44. Qd5+ Kc7 45. Kc4 h4 46.
Kc5 Kc8 47. Kc6 Kb8 48. Qd7 Ka8 49. f4 f5 50. e5 f6 51. g4 hxg3 52. Qb7# 1-0

[Event "NAYCC U08"]
[Site "Windsor CAN"]
[Date "2016.08.09"]
[Round "5.165"]
[White "Zhong, Kevin"]
[Black "Xu, Daniel"]
[Result "1-0"]
[WhiteElo "1360"]
[BlackElo "1486"]
[PlyCount "69"]
[EventDate "2016.08.07"]
[EventType "swiss"]
[EventRounds "9"]
[EventCountry "CAN"]

1. e4 e6 2. d3 d5 3. Nd2 Nf6 4. Ngf3 c5 5. g3 Nc6 6. Bg2 Bd6 7. O-O O-O 8. Re1
Bc7 9. Qe2 d4 10. Nf1 e5 11. h3 h6 12. g4 Nh7 13. Ng3 Be6 14. Kh2 b5 15. Rg1 f6
16. Nf5 c4 17. h4 Qd7 18. Bh3 Ne7 19. Bd2 Kh8 20. Bb4 Bd8 21. h5 a5 22. Bxe7
Bxe7 23. N3h4 Bf7 24. Qd2 Bb4 25. Qe2 Ng5 26. Rg3 Ne6 27. Ng2 cxd3 28. cxd3
Rac8 29. a3 Bd6 30. Qd2 a4 31. Nxh6 gxh6 32. Qxh6+ Kg8 33. g5 fxg5 34. Rxg5+
Nxg5 35. Qxg5+ 1-0

[Event "NAYCC U08"]
[Site "Windsor CAN"]
[Date "2016.08.09"]
[Round "5.166"]
[White "Zhang, Andrew"]
[Black "Prestia, Sebastian"]
[Result "1-0"]
[WhiteElo "1524"]
[BlackElo "1385"]
[PlyCount "119"]
[EventDate "2016.08.07"]
[EventType "swiss"]
[EventRounds "9"]
[EventCountry "CAN"]

1. e4 d6 2. d4 Nf6 3. Nc3 g6 4. Bd3 Bg7 5. h3 Nbd7 6. Nf3 c5 7. Be3 Qb6 8. b3
Qb4 9. Qd2 O-O 10. O-O Ne8 11. Ne2 Qxd2 12. Bxd2 Nc7 13. Rad1 cxd4 14. Nexd4
Ne5 15. Nxe5 Bxe5 16. Nf3 Bg7 17. Be3 Bd7 18. Rfe1 Nb5 19. Bxb5 Bxb5 20. c4 Bc6
21. Bd4 e5 22. Bc3 Rad8 23. Bb4 f5 24. exf5 Rxf5 25. Rxd6 Rxd6 26. Bxd6 Bxf3
27. gxf3 Rxf3 28. Bxe5 Bf8 29. Kg2 Bb4 30. Kxf3 Bxe1 31. Ke2 Bb4 32. Kd3 Be1
33. f4 Bg3 34. Kd4 Kf7 35. Kd5 Ke7 36. b4 Be1 37. b5 Bb4 38. c5 Kd7 39. c6+
bxc6+ 40. bxc6+ Kc8 41. Ke6 Kd8 42. Kf7 Kc8 43. Kg7 h5 44. Kxg6 h4 45. f5 Be7
46. f6 Bxf6 47. Kxf6 Kd8 48. Kg5 Ke7 49. Kxh4 Ke6 50. c7 Kd7 51. Kg5 Kc8 52. h4
Kd7 53. h5 Kc8 54. h6 Kb7 55. h7 Kc8 56. h8=Q+ Kb7 57. c8=Q+ Kb6 58. Qc7+ Kb5
59. Qhb8+ Ka6 60. Qcxa7# 1-0